Phát triển website thương mại điện tử Sách chuyên khảo

Trình bày tổng quan về thiết kế website thương mại điện tử; Quá trình khảo sát và phân tích yêu cầu của dự án Web thương mại điện tử; Quá trình thiết kế website thương mại điện tử; Kỹ thuật trong xây dựng và phát triển website thương mạ...

Disgrifiad llawn

Wedi'i Gadw mewn:
Manylion Llyfryddiaeth
Prif Awdur: Trương, Hoài Phan
Awduron Eraill: Trần, Thị Ánh
Fformat: Llyfr
Iaith:Undetermined
Cyhoeddwyd: Tp. Hồ Chí Minh Đại học Quốc gia Tp.HCM 2016
Pynciau:
Mynediad Ar-lein:http://lrc.tdmu.edu.vn/opac/search/detail.asp?aID=2&ID=30448
Tagiau: Ychwanegu Tag
Dim Tagiau, Byddwch y cyntaf i dagio'r cofnod hwn!
Thư viện lưu trữ: Trung tâm Học liệu Trường Đại học Thủ Dầu Một
LEADER 01555nam a2200229Ia 4500
001 TDMU_30448
008 210410s9999 xx 000 0 und d
082 |a 823.912 
090 |b TR561 
100 |a Trương, Hoài Phan 
245 0 |a Phát triển website thương mại điện tử 
245 0 |b Sách chuyên khảo 
245 0 |c Trương Hoài Phan chủ biên, Trần Thị Ánh, Ngô Cao Định 
260 |a Tp. Hồ Chí Minh 
260 |b Đại học Quốc gia Tp.HCM 
260 |c 2016 
300 |a 241tr. 
520 |a Trình bày tổng quan về thiết kế website thương mại điện tử; Quá trình khảo sát và phân tích yêu cầu của dự án Web thương mại điện tử; Quá trình thiết kế website thương mại điện tử; Kỹ thuật trong xây dựng và phát triển website thương mại điện tử; Nội dung các bước thiết lập, đăng kí tên miền, cách thức lựa chọn không gian lưu trữ hệ thống, cách thức vận hành...; TM tài liệu tham khảo tr.241 
650 |a Thiết kế Website  |x Thương mại điện tử; Thương mại điện tử; Website thương mại điện tử  |x Thiết kế và phát triển 
700 |a Trần, Thị Ánh 
856 |u http://lrc.tdmu.edu.vn/opac/search/detail.asp?aID=2&ID=30448 
980 |a Trung tâm Học liệu Trường Đại học Thủ Dầu Một